UBT Library

NUMERICAL COMPUTATION IN SCIENCE AND ENGINEERING (Record no. 14333)

000 -LEADER
fixed length control field 00318nam a22001337a 4500
008 - FIXED-LENGTH DATA ELEMENTS--GENERAL INFORMATION
fixed length control field 170526b xxu||||| |||| 00| 0 eng d
020 ## - INTERNATIONAL STANDARD BOOK NUMBER
International Standard Book Number 9780195112535
041 ## - LANGUAGE CODE
Language code of text/sound track or separate title eng
080 ## - UNIVERSAL DECIMAL CLASSIFICATION NUMBER
Universal Decimal Classification number 62
100 ## - Rafti
Rafti 25
101 ## - Shkurtesa
Shkurtesa IM
245 ## - TITLE STATEMENT
Title NUMERICAL COMPUTATION IN SCIENCE AND ENGINEERING
Statement of responsibility, etc POZRIKIDIS,C
942 ## - ADDED ENTRY ELEMENTS (KOHA)
Source of classification or shelving scheme
Item type Books

No items available.

UBT Library © 2015-2024. All rights reserved University Education for Business and Technology